| 000 | 01886nam0a2200349 4500 | ||
|---|---|---|---|
| 001 | RU\NLR\bibl\1361784 | ||
| 005 | 20260409080408.0 | ||
| 010 |
_a978-5-9961-0025-5 _9135 |
||
| 021 |
_aRU _b2009-15125 _9896 |
||
| 035 | _a(nilc)RSL-KNO-004256675 | ||
| 035 | _a(NLR Aleph) 001353955 | ||
| 090 |
_a938696 _c938696 |
||
| 100 | _a20090311d2008 |||y0rusy50 ca | ||
| 101 | 0 | _arus | |
| 102 | _aRU | ||
| 105 | _ay ||||||||| | ||
| 200 | 1 |
_aИнновации в образовании: проблемы, тенденции и перспективы развития _eматериалы региональной научно-методической конференции, 24 апреля 2008 г. _f[сост.: М.М. Афанасенкова, О.В. Доманская] |
|
| 210 |
_aТюмень _cТюмГНГУ _d2008 |
||
| 215 |
_a294 с. _cил., табл. _d21 |
||
| 300 | _aВ надзаг.: Федеральное агентство по образованию, Гос. образовательное учреждение высш. проф. образования "Тюменский гос. нефтегазовый ун-т" | ||
| 320 | _aБиблиогр. в конце ст. | ||
| 606 |
_aВысшее образование _xИнновации _jСъезды, совещания и т.п _3RU\NLR\AUTH\6601752542 _92664515 |
||
| 686 | 1 | _aЧ481.2я431 | |
| 702 | 1 |
_aАфанасенкова _bМ. М. _4220 |
|
| 711 | 1 | 2 |
_a"Инновации в образовании: проблемы, тенденции и перспективы развития", региональная научно-методическая конференция _f2008 _eТюмень _3RU\NLR\AUTH\8810132597 _9761601 |
| 801 | 0 |
_aRU _bРКП _c20090311 _grcr |
|
| 801 | 1 |
_aRU _bРГБ _c20090311 |
|
| 801 | 2 |
_aRU _bNLR _c20090424 _grcr |
|
| 942 | _cBOOK | ||
| 980 | _aNB | ||